UEFA Women's Euro 2025 players - Statistics

General Stats
  • This quiz has been taken 114 times
  • The average score is 97 of 368
Answer Stats
Team Number Player % Correct
England 2 Lucy Bronze
85%
England 1 Hannah Hampton
84%
England 6 Leah Williamson
82%
England 23 Alessia Russo
77%
Spain 11 Alexia Putellas
77%
England 18 Chloe Kelly
77%
Spain 6 Aitana Bonmatí
76%
England 9 Beth Mead
75%
Germany 1 Ann-Katrin Berger
72%
Spain 13 Cata Coll
72%
England 10 Ella Toone
72%
England 11 Lauren Hemp
71%
England 16 Jessica Carter
70%
England 7 Lauren James
70%
Switzerland 13 Lia Wälti
67%
Spain 2 Ona Batlle
67%
England 8 Georgia Stanway
66%
Germany 22 Jule Brand
64%
England 17 Michelle Agyemang
64%
England 4 Keira Walsh
63%
Switzerland 23 Alisha Lehmann
62%
Poland 9 Ewa Pajor
62%
Germany 19 Klara Bühl
62%
Denmark 10 Pernille Harder
62%
England 5 Alex Greenwood
61%
Spain 8 Mariona Caldentey
61%
Germany 7 Giulia Gwinn
60%
Sweden 6 Magdalena Eriksson
60%
Netherlands 9 Vivianne Miedema
60%
England 19 Agnes Beever-Jones
59%
Norway 10 Caroline Graham Hansen
59%
Spain 4 Irene Paredes
59%
Wales 6 Josie Green
59%
Spain 18 Salma Paralluelo
59%
Norway 14 Ada Hegerberg
57%
England 15 Esme Morgan
57%
Germany 9 Sjoeke Nüsken
57%
Wales 23 Ffion Morgan
56%
England 3 Niamh Charles
56%
Wales 18 Esther Morgan
55%
Spain 20 Clàudia Pina
54%
England 14 Grace Clinton
54%
Sweden 9 Kosovare Asllani
54%
Spain 9 Esther González
53%
Norway 7 Ingrid Engen
53%
Germany 6 Janina Minge
53%
England 21 Khiara Keating
53%
Spain 19 Vicky López
53%
Spain 10 Athenea del Castillo
52%
Sweden 18 Fridolina Rolfö
52%
England 22 Lotte Wubben-Moy
52%
Sweden 11 Stina Blackstenius
52%
Norway 4 Tuva Hansen
52%
Netherlands 1 Daphne van Domselaar
49%
Germany 11 Lea Schüller
49%
Switzerland 12 Livia Peng
49%
England 13 Anna Moorhouse
48%
Wales 10 Jess Fishlock
48%
France 11 Kadidiatou Diani
48%
Spain 7 Olga Carmona
48%
France 13 Selma Bacha
48%
Italy 10 Cristiana Girelli
47%
Switzerland 6 Géraldine Reuteler
47%
England 20 Jessica Park
47%
France 12 Marie-Antoinette Katoto
47%
Spain 12 Patri Guijarro
47%
Norway 11 Guro Reiten
46%
England 12 Maya Le Tissier
46%
Germany 4 Rebecca Knaak
46%
Switzerland 22 Sydney Schertenleib
46%
Germany 17 Franziska Kett
45%
Germany 3 Kathrin Hendrich
45%
Sweden 8 Lina Hurtig
45%
Norway 18 Frida Maanum
44%
Germany 18 Giovanna Hoffmann
44%
Sweden 19 Johanna Rytting Kaneryd
44%
Portugal 7 Kika Nazareth
44%
Germany 8 Sydney Lohmann
44%
Netherlands 10 Daniëlle van de Donk
43%
France 16 Pauline Peyraud-Magnin
43%
Netherlands 20 Dominique Janssen
41%
Switzerland 7 Riola Xhemaili
41%
Iceland 23 Sveindís Jane Jónsdóttir
41%
Spain 14 Laia Aleixandri
40%
France 7 Sakina Karchaoui
40%
France 17 Sandy Baltimore
40%
Germany 13 Sara Däbritz
40%
France 5 Élisa De Almeida
39%
Sweden 12 Jennifer Falk
39%
Netherlands 6 Jill Roord
39%
Germany 15 Selina Cerci
39%
Germany 5 Carlotta Wamser
38%
France 20 Delphine Cascarino
38%
Germany 10 Laura Freigang
38%
Germany 16 Linda Dallmann
38%
Sweden 14 Nathalie Björn
38%
Netherlands 11 Esmee Brugts
37%
France 8 Grace Geyoro
37%
Germany 12 Stina Johannes
37%
Spain 15 Leila Ouahabi
34%
Germany 2 Sarai Linder
34%
Netherlands 17 Victoria Pelova
34%
France 4 Alice Sombath
33%
Germany 21 Ena Mahmutovic
33%
Netherlands 18 Kerstin Casparij
33%
France 9 Melvine Malard
33%
Switzerland 5 Noëlle Maritz
33%
Italy 11 Barbara Bonansea
32%
Portugal 17 Diana Silva
32%
Portugal 14 Dolores Silva
32%
Spain 3 Jana Fernández
32%
Portugal 10 Jéssica Silva
32%
Norway 6 Maren Mjelde
32%
Netherlands 8 Sherida Spitse
32%
Italy 18 Arianna Caruso
31%
Germany 20 Elisa Senß
31%
Switzerland 8 Nadine Riesen
31%
Sweden 10 Sofia Jakobsson
31%
Belgium 9 Tessa Wullaert
31%
Sweden 13 Amanda Ilestedt
30%
France 21 Constance Picaud
30%
Switzerland 19 Iman Beney
30%
Sweden 22 Smilla Holmberg
30%
Germany 23 Sophia Kleinherne
30%
Netherlands 19 Wieke Kaptein
30%
Switzerland 9 Ana-Maria Crnogorčević
29%
France 2 Maëlle Lakrar
29%
Netherlands 13 Renate Jansen
29%
Wales 20 Carrie Jones
28%
France 14 Clara Mateo
28%
Italy 5 Elena Linari
28%
Norway 19 Elisabeth Terland
28%
Sweden 16 Filippa Angeldahl
28%
France 19 Griedge Mbock
28%
Sweden 15 Julia Zigiotti Olme
28%
Switzerland 3 Leila Wandeler
28%
Netherlands 2 Lynn Wilms
28%
Spain 5 María Méndez
28%
France 6 Sandie Toletti
28%
Norway 8 Vilde Bøe Risa
28%
Switzerland 20 Alayah Pilgrim
26%
France 10 Amel Majri
26%
Norway 17 Celin Bizet
26%
Germany 14 Cora Zicai
26%
Poland 13 Emilia Szymczak
26%
Iceland 4 Glódís Perla Viggósdóttir
26%
Poland 19 Natalia Padilla-Bidas
26%
Poland 4 Paulina Dudek
26%
Switzerland 1 Elvira Herzog
25%
Belgium 14 Jassina Blom
25%
Sweden 3 Linda Sembrant
25%
Norway 2 Marit Bratberg Lund
25%
Sweden 23 Rebecka Blomqvist
25%
Italy 7 Sofia Cantore
25%
Norway 13 Thea Bjelde
25%
Switzerland 18 Viola Calligaris
25%
Netherlands 14 Jackie Groenen
24%
Netherlands 7 Lineth Beerensteyn
24%
France 18 Oriane Jean-François
24%
Denmark 20 Signe Bruun
24%
Spain 23 Adriana Nanclares
23%
Spain 21 Alba Redondo
23%
Norway 1 Cecilie Fiskerstrand
23%
Denmark 12 Katherine Møller Kühl
23%
Poland 5 Oliwia Woś
23%
Norway 22 Signe Gaupset
23%
Portugal 1 Inês Pereira
22%
Sweden 2 Jonna Andersson
22%
Finland 9 Katariina Kosola
22%
Poland 1 Kinga Szemik
22%
Italy 3 Lucia Di Guglielmo
22%
Sweden 7 Madelen Janogy
22%
Poland 2 Martyna Wiankowska
22%
Switzerland 14 Smilla Vallotto
22%
Sweden 5 Amanda Nildén
21%
Spain 16 Cristina Martín-Prieto
21%
Finland 5 Emma Koivisto
21%
Sweden 20 Hanna Bennison
21%
Italy 1 Laura Giuliani
21%
Netherlands 16 Lize Kop
21%
Spain 22 Maite Zubieta
21%
Italy 6 Manuela Giugliano
21%
France 22 Melween N'Dongala
21%
Switzerland 4 Noemi Ivelj
21%
Finland 2 Vilma Koivisto
21%
Poland 10 Weronika Zawistowska
21%
Italy 23 Cecilia Salvai
20%
Wales 11 Hannah Cain
20%
Denmark 6 Karen Holmgaard
20%
Wales 1 Olivia Clark
20%
Poland 11 Tanja Pawollek
20%
Iceland 8 Alexandra Jóhannsdóttir
18%
Poland 8 Ewelina Kamczyk
18%
Belgium 11 Janice Cayman
18%
Switzerland 2 Julia Stierli
18%
Italy 9 Martina Piemonte
18%
Poland 18 Nadia Krezyman
18%
Denmark 18 Sara Holmgaard
18%
Wales 4 Sophie Ingle
18%
Switzerland 17 Svenja Fölmli
18%
Norway 20 Synne Jensen
18%
Sweden 17 Ellen Wangerheim
17%
Spain 1 Esther Sullastres
17%
Sweden 4 Hanna Lundkvist
17%
Wales 14 Hayley Ladd
17%
Belgium 17 Jill Janssens
17%
Iceland 7 Karólína Lea Vilhjálmsdóttir
17%
Denmark 11 Katrine Veje
17%
Norway 16 Mathilde Harviken
17%
Finland 15 Natalia Kuikka
17%
Belgium 1 Nicky Evrard
17%
Poland 21 Paulina Tomasiak
17%
Poland 6 Sylwia Matysik
17%
Portugal 15 Carole Costa
16%
Wales 7 Ceri Holland
16%
Netherlands 21 Damaris Egurrola
16%
Portugal 19 Diana Gomes
16%
Italy 2 Elisabetta Oliviero
16%
Finland 20 Eveliina Summanen
16%
Wales 3 Gemma Evans
16%
Spain 17 Lucía García
16%
Poland 7 Małgorzata Mesjasz
16%
Switzerland 10 Meriame Terchoun
16%
Poland 15 Milena Kokosz
16%
Denmark 9 Nadia Nadim
16%
Wales 21 Safia Middleton-Patel
16%
Belgium 6 Tine De Caigny
16%
Poland 3 Wiktoria Zieniewicz
16%
Poland 23 Adriana Achcińska
15%
Portugal 9 Ana Borges
15%
Switzerland 11 Coumba Sow
15%
Netherlands 23 Daniëlle de Jong
15%
Poland 14 Dominika Grabowska
15%
Finland 10 Emmi Siren
15%
Portugal 13 Fátima Pinto
15%
France 1 Justine Lerond
15%
France 15 Kelly Gago
15%
Poland 22 Kinga Seweryn
15%
Poland 16 Klaudia Jedlińska
15%
Poland 17 Klaudia Słowińska
15%
Poland 12 Natalia Radkiewicz
15%
Finland 13 Oona Siren
15%
Portugal 11 Tatiana Pinto
15%
Denmark 21 Amalie Vangsgaard
14%
Belgium 4 Amber Tysiak
14%
Sweden 1 Emma Holmgren
14%
Denmark 19 Janni Thomsen
14%
Norway 15 Justine Kielland
14%
Belgium 10 Justine Vanhaevermaet
14%
Poland 20 Kayla Adamek
14%
Italy 17 Lisa Boattin
14%
Netherlands 5 Romée Leuchter
14%
Finland 17 Sanni Franssi
14%
Norway 12 Selma Panengstuen
14%
France 3 Thiniba Samoura
14%
Italy 8 Emma Severini
13%
Italy 20 Giada Greggi
13%
Wales 2 Lily Woodham
13%
Norway 21 Lisa Naalsund
13%
Italy 19 Martina Lenzini
13%
Finland 8 Olga Ahtinen
13%
Denmark 7 Sanne Troelsgaard
13%
Belgium 19 Sari Kees
13%
Finland 23 Tinja-Riikka Korpela
13%
Netherlands 4 Veerle Buurman
13%
Portugal 6 Andreia Jacinto
11%
Wales 8 Angharad James-Turner
11%
Netherlands 3 Caitlin Dijkstra
11%
Netherlands 12 Chasity Grant
11%
Iceland 10 Dagný Brynjarsdóttir
11%
Denmark 15 Frederikke Thøgersen
11%
Italy 13 Julie Piga
11%
Finland 22 Jutta Rantala
11%
Belgium 21 Lisa Lichtfus
11%
France 23 Lou Bogaert
11%
Switzerland 21 Nadine Böhi
11%
Finland 21 Oona Sevenius
11%
Portugal 12 Patrícia Morais
11%
Iceland 3 Sandra Jessen
11%
Denmark 3 Stine Ballisager
11%
Portugal 8 Andreia Norton
10%
Norway 23 Aurora Mikalsen
10%
Wales 16 Charlie Estcourt
10%
Denmark 23 Cornelia Kramer
10%
Wales 19 Ella Powell
10%
Finland 3 Eva Nyström
10%
Belgium 7 Hannah Eurlings
10%
Norway 9 Karina Sævik
10%
Switzerland 15 Laia Ballesté
10%
Switzerland 16 Sandrine Mauron
10%
Wales 22 Alice Griffiths
9%
Iceland 1 Cecilía Rán Rúnarsdóttir
9%
Wales 15 Elise Hughes
9%
Denmark 8 Emma Snerle
9%
Belgium 23 Kassandra Missipo
9%
Finland 18 Linda Sällström
9%
Wales 17 Lois Joel
9%
Portugal 3 Lúcia Alves
9%
Italy 21 Michela Cambiaghi
9%
Finland 16 Nea Lehtola
9%
Finland 4 Ria Öling
9%
Denmark 2 Sara Thrige
9%
Italy 14 Valentina Bergamaschi
9%
Portugal 21 Ana Capeta
8%
Finland 1 Anna Koivunen
8%
Finland 12 Anna Tamminen
8%
Portugal 2 Catarina Amado
8%
Belgium 2 Davina Philtjens
8%
Italy 16 Eleonora Goldoni
8%
Norway 3 Emilie Woldvik
8%
Italy 4 Eva Schatzer
8%
Italy 22 Francesca Durante
8%
Iceland 18 Gudrún Arnardóttir
8%
Iceland 20 Guoný Árnadóttir
8%
Iceland 14 Hlín Eiríksdóttir
8%
Netherlands 22 Ilse van der Zanden
8%
Belgium 8 Jarne Teulings
8%
Denmark 16 Kathrine Larsen
8%
Netherlands 15 Katja Snoeijs
8%
Belgium 22 Laura Deloose
8%
Denmark 1 Maja Bay Østergaard
8%
Belgium 15 Mariam Toloba
8%
Iceland 11 Natasha Anasi
8%
Wales 12 Poppy Soper
8%
Wales 13 Rachel Rowe
8%
Wales 5 Rhiannon Roberts
8%
Sweden 21 Tove Enblom
8%
Belgium 16 Zenia Mertens
8%
Iceland 17 Agla María Albertsdóttir
7%
Italy 15 Annamaria Serturini
7%
Iceland 9 Diljá Ýr Zomers
7%
Belgium 3 Ella Van Kerkhoven
7%
Iceland 16 Hildur Antonsdóttir
7%
Portugal 5 Joana Marchão
7%
Finland 6 Joanna Tynnilä
7%
Denmark 13 Josefine Hasbo
7%
Wales 9 Kayleigh Barton
7%
Norway 5 Marthine Østenstad
7%
Iceland 22 Amanda Andradóttir
6%
Finland 7 Anni Hartikainen
6%
Iceland 19 Áslaug Munda Gunnlaugsdóttir
6%
Portugal 20 Beatriz Fonseca
6%
Iceland 2 Berglind Rós Ágústsdóttir
6%
Belgium 13 Elena Dhont
6%
Belgium 12 Femke Bastiaen
6%
Finland 14 Heidi Kollanen
6%
Iceland 6 Ingibjörg Sigurdardóttir
6%
Belgium 18 Isabelle Illiano
6%
Iceland 15 Katla Tryggvadóttir
6%
Finland 19 Maaria Roth
6%
Belgium 20 Marie Detruyer
6%
Finland 11 Nora Heroum
6%
Italy 12 Rachele Baldi
6%
Denmark 17 Rikke Marie Madsen
6%
Belgium 5 Sarah Wijnants
6%
Portugal 23 Telma Encarnação
6%
Portugal 4 Ana Seiça
5%
Portugal 16 Andreia Faria
5%
Portugal 18 Carolina Correia
5%
Denmark 4 Emma Faerge
5%
Denmark 5 Isabella Bryld Obaze
5%
Portugal 22 Sierra Cota-Yarde
5%
Denmark 14 Sofie Bredgaard
5%
Denmark 22 Alberte Andersen
3%
Iceland 13 Fanney Inga Birkisdóttir
3%
Iceland 21 Hafrún Rakel Halldórsdóttir
3%
Iceland 12 Telma Ívarsdóttir
3%
Iceland 5 Saedís Heidarsdóttir
2%
No matching quizzes found
Score Distribution
Percent of People with Each Score
Percentile by Number Answered
Your Score History
You have not taken this quiz